[Event "100th ch-GBR 2013"]
[Site "Torquay ENG"]
[Date "2013.08.07"]
[Round "9.9"]
[White "Hawkins,Jo"]
[Black "Storey,Ch"]
[Result "1-0"]
[WhiteElo "2517"]
[BlackElo "2214"]

1.e4 g6 2.d4 Bg7 3.Nc3 c5 4.dxc5 Bxc3+ 5.bxc3 Qa5 6.Qd4 Nf6 7.Qb4 Nc6 8.Qxa5 Nxa5
9.Bd3 b6 10.Ba3 Bb7 11.f3 bxc5 12.Bxc5 d6 13.Be3 O-O 14.Ne2 Rfc8 15.Rb1 Bc6
16.O-O e5 17.Ba6 Rc7 18.c4 Ba4 19.c5 dxc5 20.Nc3 Bc6 21.Rfd1 Nd7 22.Nd5 Bxd5
23.exd5 Nb6 24.d6 Rd7 25.Bb5 Rc8 26.Bxd7 Nxd7 27.Rb5 Nc4 28.Kf2 Ncb6 29.a4 Nxa4
30.Rb7 Nab6 31.Rxa7 Kf8 32.Rc7 Ke8 33.Ra1 Kd8 34.Rxc8+ Nxc8 35.Ra8 Nb6 36.Ra6 Kd7
37.Bxc5 Nc4 38.Ke2 f5 39.Kd3 N4xd6 40.Bxd6 Nxd6 41.Ra7+ Ke6 42.Rxh7 e4+ 43.fxe4 fxe4+
44.Kd4 Kf5 45.Kd5 Ne8 46.Rf7+ Kg4 47.Rf8  1-0

[Event "100th ch-GBR 2013"]
[Site "Torquay ENG"]
[Date "2013.08.07"]
[Round "9.43"]
[White "Homer,S"]
[Black "Thompson,Robert"]
[Result "1-0"]
[WhiteElo "2165"]
[BlackElo "1978"]

1.e4 g6 2.d4 Bg7 3.Nc3 c5 4.dxc5 Qa5 5.Bd3 Qxc5 6.Nge2 Nf6 7.h3 Nc6 8.Be3 Qa5
9.O-O O-O 10.f4 d6 11.Qe1 Rb8 12.a3 a6 13.b4 Qd8 14.Rd1 b5 15.f5 Ne5 16.Qh4 Bb7
17.Bh6 Qb6+ 18.Kh1 d5 19.Bxg7 Kxg7 20.exd5 Bxd5 21.Nxd5 Nxd5 22.Qe4 Nxd3
23.Rxd3 Nf6 24.Qe5 Rb7 25.fxg6 hxg6 26.Ng3 Qc7 27.Qg5 Ne8 28.Nf5+ Kg8 29.Rd4 Ng7
30.Nh6+ Kh7 31.Rh4 Nh5 32.Nf5 Qc3 33.Ng3 f6 34.Rxh5+ gxh5 35.Qxh5+ Kg8 36.Qg6+ Kh8
37.Rf5  1-0

[Event "17th Godesberg Open"]
[Site "Bonn GER"]
[Date "2013.08.08"]
[Round "6.32"]
[White "Fehlau,Klaus"]
[Black "Glienke,Norbert"]
[Result "1-0"]
[WhiteElo "1730"]
[BlackElo "1835"]

1.d4 g6 2.e4 Bg7 3.Nc3 c5 4.d5 d6 5.Nf3 Nd7 6.Bc4 a6 7.a4 Ngf6 8.O-O Ng4
9.h3 Nge5 10.Be2 Nxf3+ 11.Bxf3 Ne5 12.Bf4 Nxf3+ 13.Qxf3 O-O 14.Rfe1 Qc7 15.Re2 Bd7
16.Rae1 b5 17.e5 dxe5 18.Bxe5 Bxe5 19.Rxe5 b4 20.d6 exd6 21.Nd5 Qd8 22.Nf6+ Kg7
23.Re7 Ra7 24.Nd5 Ra8 25.Qf6+ Kg8 26.Qxd6 Re8 27.Nf6+ Kg7 28.Nxe8+  1-0

[Event "100th ch-GBR 2013"]
[Site "Torquay ENG"]
[Date "2013.08.09"]
[Round "11.37"]
[White "Mercs,P"]
[Black "Taylor,Adam C"]
[Result "1/2-1/2"]
[WhiteElo "2109"]
[BlackElo "2001"]

1.e4 g6 2.d4 Bg7 3.Nc3 c5 4.Nf3 cxd4 5.Nxd4 Nc6 6.Nxc6 bxc6 7.Be2 Qb6 8.O-O Nf6
9.Bc4 O-O 10.Bb3 d6  1/2-1/2

[Event "3rd Split Open 2013"]
[Site "Split CRO"]
[Date "2013.08.10"]
[Round "1.9"]
[White "Kurajica,B"]
[Black "Luetic,Ante"]
[Result "1-0"]
[WhiteElo "2516"]
[BlackElo "1979"]

1.d4 g6 2.e4 Bg7 3.Nc3 c5 4.Be3 Qa5 5.Ne2 d6 6.Qd2 Nc6 7.f3 Nf6 8.h4 h5 9.O-O-O a6
10.Kb1 cxd4 11.Nxd4 Nxd4 12.Bxd4 Be6 13.a3 Rc8 14.Bd3 Bh6 15.Qf2 Rc6 16.Nd5 Qd8
17.g4 hxg4 18.Nxf6+ exf6 19.fxg4 Bg7 20.g5 d5 21.Rhe1 Kf8 22.gxf6 Bh6 23.Be2 Qc8
24.Bf3 dxe4 25.Bxe4 Rc4 26.Be5 Kg8 27.h5 g5 28.Bd3 Rh4 29.Rh1 Rxh1 30.Rxh1 Bc4
31.Be4 Qe6 32.Qd4 Bf8 33.Bxb7 Kh7 34.h6 Bxh6 35.Be4+  1-0

[Event "29th Metropolitan IM"]
[Site "Los Angeles USA"]
[Date "2013.08.15"]
[Round "2"]
[White "Remlinger,L"]
[Black "Korba,Nicky"]
[Result "1-0"]
[WhiteElo "2302"]
[BlackElo "2020"]

1.d4 g6 2.e4 Bg7 3.Nc3 c5 4.dxc5 Bxc3+ 5.bxc3 Qa5 6.Bd3 Qxc3+ 7.Bd2 Qxc5
8.Nf3 d6 9.Rb1 Nf6 10.O-O Qc7 11.Nd4 Nc6 12.Nb5 Qb8 13.f4 Bd7 14.Qe1 a6 15.Nc3 Be6
16.f5 Bd7 17.Bg5 Ng4 18.Qh4 Qa7+ 19.Kh1 h6 20.Nd5 O-O-O 21.Bxe7 Rde8 22.Bxd6  1-0

[Event "21st Troya Open 2013"]
[Site "Canakkale TUR"]
[Date "2013.08.18"]
[Round "2.8"]
[White "Saba,Zafer Rabin"]
[Black "Rahmanov,S"]
[Result "0-1"]
[WhiteElo "1860"]
[BlackElo "2258"]

1.d4 g6 2.e4 Bg7 3.Nc3 c5 4.d5 d6 5.f4 e6 6.Bb5+ Bd7 7.Bc4 a6 8.a4 exd5 9.Qxd5 Be6
10.Qxb7 Bxc4 11.Qxa8 Ne7 12.e5 O-O 13.Qe4 d5 14.Qf3 d4 15.Ne4 Nbc6 16.Bd2 Bd5
17.Nh3 Qb6 18.b3 c4 19.a5 Qa7 20.bxc4 Bxc4 21.Nd6 Bd5 22.Qf2 f6 23.exf6 Rxf6
24.Ne8 Re6+ 25.Kd1 Nf5 26.Nxg7 Kxg7 27.Ng5 Re8 28.Nf3 Ne3+ 29.Bxe3 dxe3 30.Qe2 Bxf3
31.gxf3 Qd4+  0-1

[Event "4th Sarkany-Aranytiz IM"]
[Site "Budapest HUN"]
[Date "2013.08.19"]
[Round "3"]
[White "Lyell,M"]
[Black "Brustkern,J"]
[Result "1-0"]
[WhiteElo "2219"]
[BlackElo "2227"]

1.e4 g6 2.d4 Bg7 3.Nc3 d5 4.Nxd5 c6 5.Ne3 Qxd4 6.Bd3 Qb6 7.Ne2 Nf6 8.O-O Nbd7
9.Nc4 Qc7 10.h3 b5 11.Nd2 Nc5 12.Ng3 Nxd3 13.cxd3 e5 14.Nb3 O-O 15.Be3 Rd8
16.Qc2 Bd7 17.Rac1 Be8 18.Rfd1 a5 19.a3 a4 20.Nc5 Nd7 21.d4 Nb6 22.dxe5 Rxd1+
23.Rxd1 Nc4 24.Bf4 Bxe5 25.Bxe5 Qxe5 26.Nd3 Qd4 27.Qc1 Rd8 28.Kh2 Ne5 29.Nxe5 Qxd1
30.Qg5 Rd6 31.Ng4 Bd7 32.e5 Bxg4 33.exd6 Bd7 34.Ne4 Qd4 35.Nf6+ Kh8 36.Qh6  1-0

[Event "TCh-POR Div1 Final 2013"]
[Site "Matosinhos POR"]
[Date "2013.08.22"]
[Round "6.4"]
[White "Sousa,N"]
[Black "Silva,Fe1"]
[Result "0-1"]
[WhiteElo "1960"]
[BlackElo "2309"]

1.e4 g6 2.d4 Bg7 3.Nc3 c5 4.d5 d6 5.h4 Nf6 6.Be2 a6 7.a4 h6 8.g4 e6 9.g5 hxg5
10.Bxg5 Qb6 11.Ra3 exd5 12.Bxf6 Bxf6 13.Nxd5 Qd8 14.h5 Be6 15.Rb3 Ra7 16.Nxf6+ Qxf6
17.Qxd6 Nd7 18.Rg3 g5 19.c3 b5 20.Nf3 Qf4 21.Qxf4 gxf4 22.Rg5 bxa4 23.Kd2 Nf6
24.Re5 Ng4 25.Rxc5 Nxf2 26.Ng5 Rd7+ 27.Ke1 Nxh1 28.Bxa6 Ke7 29.Bb5 Ra7 30.e5 Ng3
31.Bxa4 Rxh5 32.Nxe6 fxe6 33.Rc4 Rxe5+ 34.Kf2 Re4 35.Bb3 Rb7  0-1

[Event "Jastrzebskie Youth 2013"]
[Site "Ustron POL"]
[Date "2013.08.25"]
[Round "2.4"]
[White "Gazik,Viktor"]
[Black "Chernyshov,K"]
[Result "1-0"]
[WhiteElo "2145"]
[BlackElo "2527"]

1.e4 g6 2.d4 Bg7 3.Nc3 a6 4.Be3 b5 5.f3 Bb7 6.Qd2 d6 7.g4 Nd7 8.h4 h5 9.g5 e6
10.Nce2 Ne7 11.c3 d5 12.Ng3 c5 13.e5 Nc6 14.f4 Bf8 15.Nf3 cxd4 16.Nxd4 Nc5
17.Bg2 Be7 18.O-O Nxd4 19.Bxd4 Qc7 20.Kh1 Rc8 21.Rae1 Rf8 22.Re3 Rd8 23.Qf2 Rd7
24.Rfe1 Kd8 25.b4 Na4 26.f5 exf5 27.e6 fxe6 28.Rxe6 Bd6 29.Bf6+ Kc8 30.Re8+ Rd8
31.Bxd8 Qc4 32.Bf6+ Rxe8 33.Rxe8+ Kc7 34.Ne2 Qg4 35.Nd4 Nxc3 36.Qc2 Bxb4
37.Nxb5+ axb5 38.Bxc3 Qxh4+ 39.Kg1 Bc5+ 40.Kf1 Qc4+ 41.Re2 Ba6 42.Be5+ Kc6
43.Qxc4 bxc4 44.Bc3 Kd6 45.Re5 Bb7 46.Re8 h4 47.Rg8 Be3 48.Rxg6+ Kc5 49.Ke2 Bf4
50.Rg8 h3 51.Bf3 Ba6 52.Rd8 Bxg5 53.Rxd5+ Kb6 54.Rxf5 Be7 55.Rh5 Bc8 56.a4 Bd6
57.a5+ Kc7 58.Rh7+ Kb8 59.Bd4 Ba6 60.Ra7 Bc8 61.Ra8+ Kc7 62.Bb6+ Kd7 63.Bg4+  1-0

[Event "11th Kesan Open"]
[Site "Edirne TUR"]
[Date "2013.08.26"]
[Round "1.17"]
[White "Ozdemir,Serhan Berat"]
[Black "Ozturk,E"]
[Result "0-1"]
[WhiteElo "1683"]
[BlackElo "2201"]

1.e4 g6 2.d4 Bg7 3.Nc3 c5 4.Be3 cxd4 5.Bxd4 Nf6 6.Qd2 Nc6 7.Nge2 Nxd4 8.Nxd4 O-O
9.O-O-O d6 10.f3 a6 11.g4 b5 12.a3 Bb7 13.h4 Qb6 14.h5 Rfc8 15.hxg6 hxg6
16.g5 Nh5 17.Bh3 Rc4 18.Nde2 b4 19.Na4 Qc6 20.Bd7 Qxd7 21.Nb6 bxa3 22.Nxd7 Bc6
23.Nb6 a2 24.Qa5 Ra4 25.Nxa4 a1=Q+ 26.Kd2 Qxa4 27.Qxa4 Bxa4 28.b3 Bd7 29.Ke3 Rc8
30.Rd2 Rc5 31.Rb1 Rxg5 32.Nd4 Rc5 33.Ra1 Bh6+ 34.Kd3 Nf4+ 35.Ke3 e5 36.Ne2 Nd5+
37.Kf2 Bxd2 38.exd5 Rxc2  0-1

[Event "ch-ESP Rapid 2013"]
[Site "Linares ESP"]
[Date "2013.08.27"]
[Round "7.10"]
[White "Rioboo de Larriva,A"]
[Black "Ibarra Jerez,JC"]
[Result "0-1"]
[WhiteElo "2247"]
[BlackElo "2538"]

1.e4 g6 2.d4 Bg7 3.Nc3 a6 4.Be3 d6 5.Qd2 Nd7 6.h4 h5 7.Nf3 Ngf6 8.Bd3 Ng4
9.Bg5 c5 10.Nd5 f6 11.e5 Nf8 12.exf6 exf6 13.Qe2+ Kf7 14.Bd2 Ne6 15.O-O-O Re8
16.Qf1 Bd7 17.Ne3 b5 18.Be4 Rc8 19.Bd5 Kf8 20.Nxg4 hxg4 21.h5 gxf3 22.h6 Bh8
23.h7 Ng7 24.Bxf3 c4 25.Bf4 Be6 26.d5 Bf7 27.Kb1 g5 28.Bc1 Qd7 29.Rh6 Qf5
30.Rd4 Bg6 31.Bd1 Qe5 32.Rd2 Kf7 33.Qh1 Qe1 34.Qh3 c3 35.bxc3 Rc4 36.Qd7+ Qe7
37.Qh3 b4 38.Re2 Qd8 39.Rxe8 Qxe8 40.Bg4 Rxc3 41.Be6+ Nxe6 42.dxe6+ Kg7 43.Qh2 Rxc2
44.Rxg6+ Qxg6  0-1

[Event "11th Kesan Open"]
[Site "Edirne TUR"]
[Date "2013.08.28"]
[Round "3.14"]
[White "Alaoglu,Niyazi Bekirhan"]
[Black "Ozturk,E"]
[Result "1/2-1/2"]
[WhiteElo "1670"]
[BlackElo "2201"]

1.e4 g6 2.d4 Bg7 3.Nc3 c5 4.dxc5 Bxc3+ 5.bxc3 Qa5 6.Qd4 Nf6 7.Qb4 Nc6 8.Qxa5 Nxa5
9.f3 b6 10.cxb6 axb6 11.Be3 Ba6 12.Bxb6 Bxf1 13.Kxf1 Nc4 14.Bf2 O-O 15.Ne2 Rfb8
16.Nd4 Rb2 17.Ke2 e5 18.Kd3 Na3 19.Ne2 d5 20.exd5 Nxd5 21.Bc5 Nxc2 22.Rhb1 Rbxa2
23.Rxa2 Rxa2 24.c4 Nf4+ 25.Nxf4 exf4 26.Rc1 Ne3 27.Bxe3 fxe3 28.Kxe3 Kf8
29.Rg1 Ke7 30.h4 Kd6 31.Kd4 Rd2+ 32.Ke3 Rc2 33.Kd4 f6 34.g3 Rd2+ 35.Kc3 Rf2
36.Rd1+ Kc5 37.Rd5+ Kc6 38.Rd3 Kc5 39.Rd5+ Kc6 40.Rd3  1/2-1/2

[Event "TCh-SRB 1st League w 2013"]
[Site "Kragujevac SRB"]
[Date "2013.08.30"]
[Round "7.3"]
[White "Eric,J"]
[Black "Drljevic,L"]
[Result "1-0"]
[WhiteElo "2223"]
[BlackElo "2187"]

1.e4 g6 2.d4 Bg7 3.Nc3 d5 4.e5 c5 5.f4 Nc6 6.dxc5 d4 7.Ne4 Bf5 8.Bd3 Nh6
9.Qe2 O-O 10.Bd2 Qd5 11.Nf3 Bxe4 12.Qxe4 Qxc5 13.O-O Rac8 14.Ng5 Nf5 15.g4 Ne3
16.Bxe3 dxe3 17.Rfe1 Nb4 18.c3 Nd5 19.Re2 h6 20.Nf3 e6 21.Nd4 Rcd8 22.Rd1 Rfe8
23.Nc2 Rd7 24.Nxe3 Red8 25.Kg2 Nxf4+ 26.Qxf4 Rxd3 27.Rf1 Qxe5 28.Qxf7+ Kh7
29.Rfe1 Rxe3 30.Rxe3 Rd2+ 31.Kf1 Qxh2 32.Qf3 e5 33.R3e2 Rxe2 34.Rxe2 Qh4
35.Rd2 Qe7 36.Qd5 Qh4 37.Qf3 Qe7 38.Qe4 Qf7+ 39.Rf2 Qd7 40.Kg2 b6 41.c4 a5
42.Kg3 Qe7 43.Qd5 h5 44.Rh2 Bh6 45.Kg2 Qg5 46.Qd7+ Bg7 47.Rh1 e4 48.Re1 e3
49.Qe6 Be5 50.Qf7+ Kh6 51.Qf8+ Kh7 52.Qf3 Bf4 53.Kh3 hxg4+ 54.Qxg4 Qh6+ 55.Qh4 g5
56.Qxh6+ Kxh6 57.Kg4 Kg6 58.Rd1 Kf6 59.Kf3 Ke6 60.Rd5 Be5 61.b3 g4+ 62.Kxe3 Bd6
63.Rg5 g3 64.Ke4 Kf6 65.Rg8 Kf7 66.Rg4 Kf6 67.a3 Ke6 68.Rg6+ Kd7 69.Kd5 Bc5
70.Rxg3 Bxa3 71.Rg7+ Ke8 72.Kc6 Bc5 73.Rb7  1-0

[Event "135th ch-New York State"]
[Site "Albany USA"]
[Date "2013.09.01"]
[Round "3"]
[White "Benjamin,Joe"]
[Black "Treger,E"]
[Result "1-0"]
[WhiteElo "2547"]
[BlackElo "2197"]

1.e4 g6 2.d4 Bg7 3.Nc3 a6 4.Bc4 Nc6 5.Nf3 b5 6.Bd5 Nf6 7.Bxc6 dxc6 8.e5 Nd5
9.Ne4 Bf5 10.Qe2 Nb4 11.O-O Bxe4 12.Qxe4 Qd5 13.Qe2 Qc4 14.Qxc4 bxc4 15.c3 Nd3
16.b3 c5 17.bxc4 cxd4 18.cxd4 c5 19.Rd1 Nxc1 20.Raxc1 cxd4 21.Rxd4 O-O 22.c5 Rfd8
23.Rxd8+ Rxd8 24.c6 Kf8 25.Kf1 Ke8 26.Rc5 e6 27.Ng5 Bf8 28.Rc4 Rc8 29.Nxh7 Be7
30.Nf6+ Bxf6 31.exf6 Kd8 32.Rd4+ Kc7 33.Rd7+ Kxc6 34.Rxf7 Kd6 35.Ra7 Rf8
36.f7 Ke5 37.a4 Kf6 38.a5 Kg7 39.Rxa6 Kxf7 40.Ra7+ Kf6 41.a6 Rc8 42.Rb7 Rc1+
43.Ke2 Rc2+ 44.Ke3 Ra2 45.a7 g5 46.Kd4 Ra5 47.Kc4 g4 48.Kb4 Ra2 49.Kb5 Ke5
50.Rf7 Ke4 51.h4 g3 52.fxg3 e5 53.Kb6 Kd5 54.Rd7+ Ke6 55.Rd8 Rb2+ 56.Kc5 Rc2+
57.Kb4 Rb2+ 58.Ka3 Rb1 59.Ka2  1-0

[Event "135th ch-New York State"]
[Site "Albany USA"]
[Date "2013.09.02"]
[Round "5"]
[White "Nikolayev,I"]
[Black "Treger,E"]
[Result "1-0"]
[WhiteElo "2375"]
[BlackElo "2197"]

1.e4 g6 2.d4 Bg7 3.Nc3 a6 4.Be3 d6 5.Nf3 Nf6 6.Qd2 h6 7.h3 b5 8.Bd3 e6 9.a4 b4
10.Ne2 a5 11.c3 Ba6 12.O-O Nbd7 13.Ng3 Qc8 14.Bxa6 Qxa6 15.cxb4 axb4 16.Qxb4 h5
17.e5 Nd5 18.Qa3 dxe5 19.dxe5 Bf8 20.Qb3 Rb8 21.Qc2 Nxe3 22.fxe3 Bc5 23.Nd4 Qb6
24.Qf2 O-O 25.Qf4 Qxb2 26.Nxh5 Bxd4 27.exd4 Qe2 28.Nf6+ Nxf6 29.exf6 Qh5
30.Rae1 Rb2 31.Re5 Qh7 32.Rb5 Ra2 33.a5 Ra8 34.Rfb1 Rf8 35.Rb8 Ra1 36.Rxf8+ Kxf8
37.Rxa1 Qh5 38.a6 g5 39.a7 Kg8 40.a8=Q+ Kh7 41.Qfe4+  1-0

[Event "US Masters 2013"]
[Site "Greensboro USA"]
[Date "2013.09.02"]
[Round "8.2"]
[White "Lenderman,A"]
[Black "Mamedov,Rau"]
[Result "0-1"]
[WhiteElo "2527"]
[BlackElo "2641"]

1.d4 g6 2.e4 Bg7 3.Nc3 a6 4.f4 b5 5.Nf3 Bb7 6.Bd3 d6 7.Ne2 c5 8.c3 cxd4 9.cxd4 Nf6
10.Ng3 O-O 11.O-O Nc6 12.e5 Nd5 13.Be4 dxe5 14.dxe5 e6 15.Qe2 Nce7 16.Bd2 Rc8
17.Rac1 Qb6+ 18.Qf2 Qxf2+ 19.Kxf2 f5 20.Bb1 h6 21.h4 Rfd8 22.Ne2 Nc6 23.Rfd1 Bf8
24.a3 b4 25.axb4 Ndxb4 26.Rc3 Nd5 27.Rcc1 Ndb4 28.Rc3 Be7 29.g3 Nd5 30.Rcc1 Kf7
31.Nc3 Nb6 32.Be3 Nc4 33.Na4 Nxe3 34.Kxe3 Rxd1 35.Rxd1 Nb4 36.Nc3 Nd5+ 37.Nxd5 Bxd5
38.h5 gxh5 39.Rxd5 exd5 40.Bxf5 Bc5+ 41.Nd4 Rb8 42.Kd3 Bxd4 43.Kxd4 Rxb2
44.Kxd5 a5 45.Be6+ Kf8 46.Bd7 Rd2+ 47.Ke6 Rd4 48.Bb5 h4  0-1

[Event "TCh-ROU w 2013"]
[Site "Mamaia ROU"]
[Date "2013.09.04"]
[Round "5.1"]
[White "Peptan,C"]
[Black "Raeva,E"]
[Result "1-0"]
[WhiteElo "2434"]
[BlackElo "2292"]

1.e4 g6 2.d4 Bg7 3.Nc3 d5 4.e5 a6 5.Be2 e6 6.f4 Nd7 7.Be3 Ne7 8.Nf3 Nf5 9.Bf2 b6
10.Na4 h5 11.O-O Bb7 12.b4 Nf8 13.Nb2 Bh6 14.Qd2 Nh7 15.Bd3 Qd7 16.h3 a5
17.b5 O-O-O 18.g4 hxg4 19.hxg4 Rdg8 20.Rfe1 g5 21.gxf5 gxf4+ 22.Kf1 Ng5 23.Nxg5 Bxg5
24.Qd1 Rh1+ 25.Ke2 Rh3 26.Rg1 f6 27.exf6 f3+ 28.Kf1 exf5 29.c3 Kb8 30.Qc2 Bc8
31.Re1 Rh2 32.Re5 f4 33.Bf5 Qxb5+ 34.c4 Bxf5 35.cxb5 Bxc2 36.Rexg5  1-0

[Event "15th Trieste Open"]
[Site "Trieste ITA"]
[Date "2013.09.04"]
[Round "6"]
[White "Mazi,L"]
[Black "Beletic,D"]
[Result "1/2-1/2"]
[WhiteElo "2368"]
[BlackElo "2249"]

1.e4 g6 2.d4 Bg7 3.Nc3 c5 4.Nf3 cxd4 5.Nxd4 Nc6 6.Be3 Nf6 7.Bc4 d6 8.h3 O-O
9.Bb3 Na5 10.O-O b6 11.Qd3 Nxb3 12.axb3 Bb7 13.f4 a6 14.Nf3 Rc8 15.Nd2 b5
16.b4 Qc7 17.Nb3 Nxe4 18.Nxe4 Qc6 19.Nbd2 f5 20.c3 fxe4 21.Qe2 Qd5 22.Rf2 Rf7
23.Nf1 Rcf8 24.Rd1 Qc6 25.Ng3 e5 26.Rdf1 exf4 27.Rxf4 Rxf4 28.Rxf4 Re8 29.Rf2 Bc8
30.Qd2 Bb7 31.Nf1 Rf8 32.Rxf8+ Bxf8 33.Bd4 e3 34.Nxe3 Bh6 35.Qf2 Qe4 36.Ng4 Bg5
37.Nf6+ Bxf6 38.Bxf6 Qb1+ 39.Kh2 Qe4 40.Bh4 Qd5 41.Bg3 Kg7 42.Bf4 g5 43.Be3 h6
44.Bd4+ Kg8 45.Kg1 Qe4 46.Bb6 Qb1+ 47.Kh2 Qe4 48.Bc7 Qe7 49.Bb8 Ba8 50.Qd2 Qb7
51.Bxd6 Qd5 52.Qxd5+ Bxd5 53.Kg3 Kf7 54.Kf2 Ke6 55.Bc5 h5 56.g3 Kf5 57.Be7 Bc4
58.Ke3 Bf1 59.Kd4 Bxh3 60.Kc5 Bf1 61.Kb6 h4 62.gxh4 gxh4 63.Bxh4 Ke4 64.Kxa6 Kd5
65.Kb6 Kc4 66.Bf6 Bd3 67.Bh8  1/2-1/2

[Event "TCh-POL Ekstraliga 2013"]
[Site "Katowice POL"]
[Date "2013.09.14"]
[Round "7.1"]
[White "Hnydiuk,A"]
[Black "Tomczak,J"]
[Result "0-1"]
[WhiteElo "2409"]
[BlackElo "2565"]

1.e4 g6 2.d4 Bg7 3.Nc3 d5 4.exd5 Nf6 5.Bc4 Nbd7 6.Bg5 Nb6 7.Bxf6 Bxf6 8.Bb3 a5
9.a4 c6 10.dxc6 bxc6 11.Nge2 Ba6 12.Ne4 O-O 13.Nxf6+ exf6 14.O-O Bxe2 15.Qxe2 Qxd4
16.Qe7 Nd5 17.Qd6 Rfc8 18.c3 Nxc3 19.Rad1 Qxd6 20.Rxd6 Ne4 21.Rd4 Nc5 22.Bc2 Rab8
23.Rb1 Ne6 24.Rd7 c5 25.Be4 c4 26.Rd5 Rc5 27.Rxc5 Nxc5 28.Bc2 Ne6 29.Kf1 Nd4
30.Be4 Nb3 31.Rd1 Nc5 32.Bd5 Rb4 33.Rd4 Nxa4 34.Rxc4 Rxc4 35.Bxc4 Nxb2 36.Bd5 Nd3
37.Bc4 Nb4 38.Ke2 a4 39.Kd2 a3 40.Kc3 a2 41.Kb2 f5 42.Ka1 f4 43.g3 Kg7  0-1

[Event "e2e4 Bedford Open 2013"]
[Site "Bedford ENG"]
[Date "2013.09.20"]
[Round "1"]
[White "Maroroa,S"]
[Black "Fernandez,Dan SIN"]
[Result "1-0"]
[WhiteElo "2099"]
[BlackElo "2388"]

1.e4 g6 2.d4 Bg7 3.Nc3 a6 4.Be3 b5 5.h4 b4 6.Nce2 Bb7 7.Ng3 h5 8.Qd2 c5 9.O-O-O Nf6
10.f3 cxd4 11.Bxd4 Nc6 12.Be3 Qc7 13.Nh3 O-O 14.Kb1 Rfd8 15.Qf2 Rdc8 16.Bb6 Qb8
17.f4 a5 18.Be2 d6 19.Ng5 a4 20.e5 dxe5 21.f5 Nd4 22.fxg6 fxg6 23.Bxd4 exd4
24.Rxd4 b3 25.Bc4+ Rxc4 26.Rxc4 bxa2+ 27.Ka1 a3 28.Rb4 axb2+ 29.Rxb2 Ng4
30.Qf7+ Kh8 31.c3 Ra6 32.N3e4 Ne3 33.Rc1 Qd8 34.Qf2 Bd5 35.Qxe3 Qc8 36.Qc5 Qxc5
37.Rb8+ Bg8 38.Nxc5 Rc6 39.Nce4 Bh6 40.Nf7+ Kg7 41.Nxh6 Bd5 42.Ng5 Kxh6 43.Rb7 Rc4
44.Rb4 Rc8 45.g3 e5 46.Rb5 Bc4 47.Rxe5 Rb8 48.Re7 Bg8 49.c4 Rb3 50.Ne4 Rf3
51.Kxa2 Rf5 52.Kb2 Rf3 53.Rc3 Rf1 54.c5 Bd5 55.Ng5 Bg8 56.c6 Bf7 57.Nxf7+  1-0

[Event "Baku Open 2013"]
[Site "Baku AZE"]
[Date "2013.09.21"]
[Round "3.19"]
[White "Muzychuk,A"]
[Black "Darban,M"]
[Result "1-0"]
[WhiteElo "2585"]
[BlackElo "2358"]

1.e4 g6 2.d4 Bg7 3.Nc3 d5 4.exd5 Nf6 5.Bc4 Nbd7 6.Nf3 O-O 7.O-O Nb6 8.Bb3 a5
9.a4 Nbxd5 10.Nxd5 Nxd5 11.Re1 e6 12.Bg5 Qd6 13.c4 Nb4 14.c5 Qa6 15.Rc1 b6
16.c6 Qd3 17.Bd2 Ba6 18.Rc3 Qf5 19.Ne5 Nd5 20.Rg3 h6 21.Ng4 Nf4 22.Re5 Rad8
23.Rxf5 Ne2+ 24.Qxe2 Bxe2 25.Rf4 g5 26.Nxh6+ Bxh6 27.Re4 Bh5 28.Rh4 Bg6 29.Rxh6 Kg7
30.Bxg5 Rxd4 31.Rh4  1-0

[Event "e2e4 Bedford Open 2013"]
[Site "Bedford ENG"]
[Date "2013.09.21"]
[Round "2"]
[White "Wynarczyk,R"]
[Black "Fernandez,Dan SIN"]
[Result "0-1"]
[WhiteElo "1958"]
[BlackElo "2388"]

1.e4 g6 2.d4 Bg7 3.Nc3 a6 4.f4 b5 5.a3 Bb7 6.Nf3 d6 7.Bd3 Nd7 8.O-O c5 9.d5 Ngf6
10.Qe1 c4 11.Be2 Nc5 12.Kh1 Ncxe4 13.Nxe4 Nxe4 14.Bxc4 Nf6 15.Ba2 Bxd5 16.Bxd5 Nxd5
17.Qe4 e6 18.Nd4 Ne7 19.Bd2 O-O 20.g4 Qd7 21.Rae1 Rfe8 22.h4 Rac8 23.h5 Rc4
24.c3 Bxd4 25.cxd4 Qc6 26.Bc3 Qxe4+ 27.Rxe4 Nd5 28.hxg6 hxg6 29.f5 Nxc3 30.bxc3 Rxc3
31.fxg6 fxg6 32.Rf6 Kg7 33.g5 Rg3  0-1

[Event "TCh-FIN SM 2013-14"]
[Site "Joensuu FIN"]
[Date "2013.09.22"]
[Round "2.8"]
[White "Hallenberg,S"]
[Black "Porrasmaa,T"]
[Result "1-0"]
[WhiteElo "2148"]
[BlackElo "2037"]

1.e4 g6 2.d4 Bg7 3.Nc3 c5 4.Nf3 Qa5 5.Be2 Nf6 6.O-O cxd4 7.Nxd4 Nc6 8.Be3 O-O
9.Kh1 d6 10.f4 Bd7 11.Bf3 Rac8 12.Qd2 Rfe8 13.Rae1 a6 14.Nb3 Qc7 15.Nd5 Nxd5
16.exd5 Nb8 17.c3 a5 18.Nd4 Na6 19.f5 Nc5 20.Bg5 Bxf5 21.Nxf5 gxf5 22.Bh5 e6
23.dxe6 fxe6 24.Bxe8  1-0

[Event "4th Biella Open A 2013"]
[Site "Biella ITA"]
[Date "2013.09.27"]
[Round "1.17"]
[White "Damia,A"]
[Black "Razzano,L"]
[Result "1/2-1/2"]
[WhiteElo "2227"]
[BlackElo "1988"]

1.e4 g6 2.d4 Bg7 3.Nc3 a6 4.Bc4 d6 5.Qf3 e6 6.Nge2 b5 7.Bb3 Bb7 8.Be3 Nd7
9.Rd1 Ngf6 10.h4 b4 11.Nb1 Nxe4 12.h5 Nec5 13.Qh3 Nxb3 14.hxg6 hxg6 15.Qxh8+ Bxh8
16.Rxh8+ Nf8 17.Bh6 Qh4 18.axb3 O-O-O 19.g3 Qf6 20.Rxf8 Rxf8 21.Bxf8 Kd7
22.c3 Qh8 23.Bxd6 cxd6 24.cxb4 Bf3 25.Nbc3 Qb8 26.b5 axb5 27.Rd3 Bxe2 28.Kxe2 b4
29.Ne4  1/2-1/2

[Event "Vasteras Open 2013"]
[Site "Vasteras SWE"]
[Date "2013.09.27"]
[Round "4.3"]
[White "Solodovnichenko,Y"]
[Black "Brustkern,J"]
[Result "1-0"]
[WhiteElo "2577"]
[BlackElo "2241"]

1.e4 g6 2.d4 Bg7 3.Nc3 d5 4.exd5 Nf6 5.Bc4 Nbd7 6.Nf3 Nb6 7.Bb3 a5 8.a4 O-O
9.O-O Nbxd5 10.Nxd5 Nxd5 11.Re1 Bg4 12.c3 e6 13.h3 Bxf3 14.Qxf3 Ra6 15.g3 Rb6
16.Bc4 Qd6 17.b3 Nxc3 18.Ba3 Qxd4 19.Rac1 Nd5 20.Red1 Qf6 21.Bxd5 exd5 22.Qxf6 Bxf6
23.Bxf8 Kxf8 24.Rxc7 d4 25.Rd3 h5 26.f4 Rb4 27.Kf2 b5 28.Rb7 bxa4 29.Rxb4 axb4
30.bxa4 Bd8 31.Rb3  1-0

[Event "XXXI Balaton Open"]
[Site "Heviz HUN"]
[Date "2013.09.28"]
[Round "6.1"]
[White "Nagy,Ervin1"]
[Black "Chernyshov,K"]
[Result "0-1"]
[WhiteElo "2282"]
[BlackElo "2530"]

1.e4 g6 2.d4 Bg7 3.Nc3 a6 4.g3 b5 5.Bg2 Bb7 6.Nge2 d6 7.O-O Nd7 8.a3 c5 9.Be3 Qc7
10.dxc5 Nxc5 11.Bd4 Bxd4 12.Qxd4 Nf6 13.Nd5 Bxd5 14.exd5 O-O 15.Nc3 Rfb8
16.Rfe1 Na4 17.Nxa4 bxa4 18.Re2 Qa7 19.Qxa4 Rxb2 20.Rae1 Rb7 21.Qc6 Rab8
22.Qc3 Rc7 23.Qd3 Ng4 24.Qd2 Rb2 25.Qf4 Ne5 26.Be4 Rc4 27.Qe3 Qxe3 28.Rxe3 Kf8
29.Rb3 Rxb3 30.cxb3 Rc3 31.Rb1 Ke8 32.h3 Kd8 33.Rb2 Nf3+ 34.Kg2 Nd4 35.b4 Rxa3
36.Rd2 Nb5 37.Bd3 Nc7 38.Be2 Ra4 39.Rb2 Nxd5 40.b5 axb5 41.Bxb5 Rb4  0-1

[Event "12th Forchheim Open A 2013"]
[Site "Forchheim GER"]
[Date "2013.09.29"]
[Round "4.24"]
[White "Zhao,Kevin"]
[Black "Wunder,S"]
[Result "1/2-1/2"]
[WhiteElo "1865"]
[BlackElo "2147"]

1.e4 g6 2.d4 Bg7 3.Nc3 d5 4.exd5 Nf6 5.Bc4 O-O 6.Be3 Nbd7 7.Nf3 Nb6 8.Bb3 a5
9.a3 a4 10.Ba2 Nfxd5 11.Nxd5 Nxd5 12.O-O c6 13.c4 Nxe3 14.fxe3 c5 15.Qd2 Bg4
16.Rad1 Qb6 17.Rf2 Rad8 18.d5 Rd6 19.Qc2 Qa5 20.Qd3 e6 21.Rb1 Bxf3 22.Rxf3 exd5
23.cxd5 b5 24.b4 axb3 25.Qxb3 Rb8 26.a4 b4 27.Qc2 Re8 28.Bb3  1/2-1/2

[Event "23rd EYCC Girls U18 2013"]
[Site "Budva MNE"]
[Date "2013.10.01"]
[Round "3.2"]
[White "Imnadze,N"]
[Black "Wisniowska,K"]
[Result "0-1"]
[WhiteElo "2066"]
[BlackElo "2145"]

1.e4 g6 2.d4 Bg7 3.Nc3 c5 4.dxc5 Qa5 5.Ne2 Qxc5 6.Be3 Qa5 7.Qd2 Nc6 8.f3 Nf6
9.g4 d6 10.Nf4 Rb8 11.Be2 b5 12.h4 b4 13.Nd1 h5 14.gxh5 Nxh5 15.Nxh5 Qxh5
16.f4 Bg4 17.a3 Bf6 18.Bf2 Bxe2 19.Qxe2 Qxe2+ 20.Kxe2 Rh5 21.axb4 Rxb4 22.Kd3 Rb7
23.c3 a5 24.Ra4 g5 25.fxg5 Bxg5 26.Rg1 Bf6 27.Kc2 Rhb5 28.Rh1 Rh5 29.Ne3 Kd7
30.Nd5 Be5 31.Nb6+ Kc7 32.Nc4 Bf6 33.Rha1 Rbb5 34.Rh1 Rh8 35.Ne3 e6 36.Bg3 Be5
37.Bf2 Rhb8 38.Rb1 Rh8 39.Rh1 Kd7 40.Nc4 Rg8 41.Ne3 Bf4 42.Rg1 Rgb8 43.Nc4 Ke7
44.Ra2 Rc8 45.Kd3 d5 46.Nb6 Ne5+ 47.Kc2 Rc6 48.exd5 exd5 49.Rd1 Ke6 50.Rda1 Rcxb6
51.Bxb6 Rxb6 52.Rxa5 Nc4 53.R5a2 Kf5 54.Rh1 Ke4 55.b3 Ne3+ 56.Kb2 Kd3 57.Ra7 f5
58.h5 Rc6 59.Rf7 Be5 60.Ra7 Bxc3+ 61.Ka2 Bd4 62.Ra5 Bg7 63.Rg1 Rc2+ 64.Ka3 Bf8+
65.Ka4 Rh2 66.Rg8 Bh6 67.Rh8 Rxh5 68.Ra6 Rh4+ 69.b4 Bg5 70.Rxh4 Bxh4 71.b5 Nc4
72.b6 Bg3 73.b7 d4 74.Rg6 Bf4 75.Kb4 Ne5 76.Rd6 Nf7 77.Rd7 Ne5 78.Rd6 Nf7
79.Rd7 Ng5 80.Kc5 Ne6+ 81.Kd5 Nc7+ 82.Kc6 Na6 83.Rf7 Nb8+ 84.Kd5 Ke3 85.Re7+ Kf3
86.Kc4 Bd6 87.Re6 Bf4 88.Kxd4 Bg3 89.Rf6 f4 90.Rf8 Bf2+ 91.Ke5 Ba7 92.Rxf4+ Ke3
93.Ra4 Bb6 94.Kd6 Kd3 95.Ra8 Bf2 96.Kc7 Bg3+ 97.Kc8 Nc6 98.Ra3+ Kd4  0-1

[Event "23rd EYCC Open U16 2013"]
[Site "Budva MNE"]
[Date "2013.10.01"]
[Round "3.31"]
[White "Ali Marandi,C"]
[Black "Hristov,Hristo Mitov"]
[Result "1/2-1/2"]
[WhiteElo "2403"]
[BlackElo "1915"]

1.e4 g6 2.d4 Bg7 3.Nc3 d5 4.exd5 Nf6 5.Bb5+ Nbd7 6.Bg5 O-O 7.Qf3 Nb6 8.Bxf6 exf6
9.Nge2 Bf5 10.O-O-O a6 11.Bd3 Bxd3 12.Rxd3 Qd7 13.h4 Rfd8 14.Nf4 Bh6 15.Kb1 Bxf4
16.Qxf4 Nxd5 17.Nxd5 Qxd5 18.f3 Qd6 19.Qd2 Rd7 20.h5 Re8 21.hxg6 fxg6 22.Qc3 Qd5
23.Re1 Rde7 24.Rde3 Rxe3 25.Rxe3 Rxe3 26.Qxe3 Kf7 27.b3 Qe6 28.Qf4 Qd6 29.Qe4 c6
30.g4 Qe6 31.Qf4 Kg7 32.Kb2 h5 33.gxh5 gxh5 34.Qc7+ Qf7 35.Qg3+ Qg6 36.Qf4 Qf7
37.c4 Qe6 38.Qg3+ Kf7 39.Qc7+ Qe7 40.Qh2 Kg6 41.Qf2 Qf7 42.Kc3 Qe7 43.Kd3 b5
44.Qg3+ Kf7 45.c5 Qd7 46.Qf4 Qd5 47.Ke2 b4 48.Qc7+ Kg6 49.Qg3+ Kf7 50.Qf4 a5
51.Kd3 a4 52.Qe4 Qxe4+ 53.fxe4 axb3 54.axb3 Ke6 55.Ke3 f5 56.e5  1/2-1/2